000 00242nam a2200097Ia 4500
008 170619s9999 xx 000 0 und d
100 _aLillesand- Thomas
245 0 _aRemote Sensing and Image Interpretation
260 _bWiley-India
260 _c2011
546 _aENGLISH
999 _c20628
_d20628